000 01271nam a2200337Ia 4500
001 ebr10502588
003 CaPaEBR
006 m u
007 cr cn|||||||||
008 110228s2011 ctu sb 001 0beng d
010 _z 2011007549
020 _z0300137265
020 _z9780300137262
040 _aCaPaEBR
_cCaPaEBR
035 _a(OCoLC)758389526
050 1 4 _aHX843.7.G65
_bG67 2011eb
082 0 4 _a335/.83092
_aB
_222
100 1 _aGornick, Vivian.
245 1 0 _aEmma Goldman
_h[electronic resource] :
_brevolution as a way of life /
_cVivian Gornick.
260 _aNew Haven :
_bYale University Press,
_cc2011.
300 _a151 p.
490 1 _aJewish lives
504 _aIncludes bibliographical references and index.
533 _aElectronic reproduction.
_bPalo Alto, Calif. :
_cebrary,
_d2011.
_nAvailable via World Wide Web.
_nAccess may be limited to ebrary affiliated libraries.
600 1 0 _aGoldman, Emma,
_d1869-1940.
650 0 _aWomen anarchists
_zUnited States
_vBiography.
655 7 _aElectronic books.
_2local
710 2 _aebrary, Inc.
830 0 _aJewish lives (New Haven, Conn.)
856 4 0 _uhttp://site.ebrary.com/lib/rucke/Doc?id=10502588
_zAn electronic book accessible through the World Wide Web; click to view
999 _c115324
_d115324